[Event "WYb18"]
[Site "Heraklio GRE"]
[Date "2002.11.21"]
[Round "8"]
[White "Schneider,Dm"]
[Black "Flumbort,A"]
[Result "1-0"]
[WhiteElo "2401"]
[BlackElo "2446"]

1.e4 c5 2.Nf3 Nc6 3.d4 cxd4 4.Nxd4 e6 5.Nc3 Qc7 6.g3 a6 7.Bg2 Nf6 8.O-O Nxd4
9.Qxd4 Bc5 10.Bf4 d6 11.Qd3 Nd7 12.Na4 e5 13.Bd2 b5 14.Nxc5 Nxc5 15.Qc3 Qb6
16.Be3 Be6 17.Rfd1 b4 18.Qd2 Ke7 19.a3 a5 20.axb4 axb4 21.Bxc5 Qxc5 22.Qg5+ Kd7
23.Qxg7 Rxa1 24.Rxa1 Rc8 25.Qxh7 Qxc2 26.Bh3 Bxh3 27.Qxh3+ Ke7 28.Qh4+ Ke8
29.Qg4 Rc7 30.h4 Qd2 31.Kg2 Ke7 32.b3 Qb2 33.Qg5+ Kd7 34.Ra8 Qe2 35.Qf5+ Kc6
36.Rc8  1-0

[Event "WYb18"]
[Site "Heraklio GRE"]
[Date "2002.11.21"]
[Round "8"]
[White "Laznicka,V"]
[Black "Grachev,B"]
[Result "1/2-1/2"]
[WhiteElo "2319"]
[BlackElo "2489"]

1.e4 c5 2.Nf3 e6 3.d4 cxd4 4.Nxd4 Nc6 5.Nc3 Qc7 6.Be3 a6 7.Bd3 Nf6 8.O-O Ne5
9.h3 Bc5 10.Qe2 d6 11.f4 Ng6 12.Nb3 Bxe3+ 13.Qxe3 O-O 14.a4 b6 15.Rad1 Bb7
16.Rfe1 Rfe8 17.Nd2 Rab8 18.Bf1 e5 19.Nc4 Nxf4 20.Rxd6 Bc6 21.Red1 Ng6 22.b4 Rec8
23.b5 axb5 24.axb5 Be8 25.Kh1 Qc5 26.Qe1 Qc7 27.Qf2 Qc5 28.Qf5 Qb4 29.Na2 Qc5
30.Nc3 Qb4 31.Na2 Qc5  1/2-1/2

[Event "ch-ITA"]
[Site "Montecatini Terme ITA"]
[Date "2002.11.22"]
[Round "3"]
[White "Mantovani,R"]
[Black "Buchicchio,G"]
[Result "1/2-1/2"]
[WhiteElo "2359"]
[BlackElo "2254"]

1.e4 c5 2.Nf3 e6 3.Nc3 Nc6 4.d4 cxd4 5.Nxd4 Nf6 6.g3 d5 7.Bg2 Nxe4 8.Nxe4 dxe4
9.Nxc6 Qxd1+ 10.Kxd1 bxc6 11.Bxe4 Bb7 12.Be3 O-O-O+ 13.Ke2 c5 14.Bxb7+ Kxb7
15.Rad1 Be7 16.Bd2 Bf6 17.Ba5 Rd5 18.b3 Kc6 19.Rd3 Rb8 20.Rf3 Rb7 21.Rd1 Rbd7
22.Rxd5 exd5 23.Kd3 Be5 24.Bc3 f6 25.Bxe5 fxe5 26.Rf8 Re7 27.f3 Kb5 28.Rd8 Kc6
29.Rc8+ Kd6 30.Ke3 Rd7 31.Re8 Re7 32.Rd8+ Rd7 33.Rf8 Ke7 34.Rb8 Kd6 35.h4 Kc7
36.Rh8 h6 37.h5 Kd6 38.Rf8 Ke7 39.Rb8 Kd6 40.c4 d4+ 41.Kd3 Rf7 42.Ke4 Rd7
43.Re8 Re7 44.Rc8 Rc7 45.Rf8 Rd7 46.Kd3 Re7 47.g4 Rb7 48.Ke4 Rd7 49.Rf5 Kc6
50.Kd3 Kd6 51.Rf8 Rb7 52.g5 hxg5 53.Rf5 Rd7 54.Ke4 d3 55.Rxg5 d2 56.Rg1 Ke6
57.Rd1 Rd4+ 58.Ke3 Rh4 59.Rxd2 Rxh5 60.Rg2 g5 61.a3 Kf5 62.b4 cxb4 63.axb4 Rh3
64.Rg4 Rh1 65.c5 a6 66.Rc4 Rh7 67.Rc1 Rb7 68.c6 Rc7 69.Rc5 Ke6 70.Ke4 Kd6
71.Rxe5 Rxc6 72.Rxg5 Rc4+ 73.Kf5 Rxb4 74.Rg6+ Ke7 75.Rxa6 Kf7 76.Ra7+ Kf8
77.f4 Rb5+ 78.Kg6 Rb6+ 79.Kg5 Rb5+ 80.f5 Rb6 81.Rh7 Ra6 82.Rh1 Kg7 83.Re1 Kf7
84.Re5 Rb6 85.Ra5 Rc6 86.Ra7+ Kf8 87.Kh5 Rb6 88.Ra4 Kf7 89.Rg4 Ra6 90.Rg6 Rxg6
91.fxg6+ Kg7 92.Kg5 Kg8 93.Kf6 Kf8 94.g7+ Kg8 95.Kg6  1/2-1/2

[Event "WYg18"]
[Site "Heraklio GRE"]
[Date "2002.11.23"]
[Round "10"]
[White "Stiri,A"]
[Black "Vasilevich,I"]
[Result "1/2-1/2"]
[WhiteElo "2170"]
[BlackElo "2251"]

1.e4 c5 2.Nf3 e6 3.d4 cxd4 4.Nxd4 Nc6 5.Nc3 Qc7 6.Be3 a6 7.Qd2 Nf6 8.O-O-O b5
9.Bf4 Qb6 10.e5 Qxd4 11.Qxd4 Nxd4 12.Rxd4 Ng4 13.Bg3 f5 14.Be2 Bc5 15.Rd2 Bb7
16.Bf3 Bxf3 17.gxf3 Nh6 18.Ne2 Nf7 19.Nd4 Rc8 20.f4 g5 21.fxg5 Nxg5 22.Rhd1 h5
23.Bh4 Ne4 24.Rd3 Bf8 25.Nb3 Rh7 26.f3 Nc5 27.Rc3 Nxb3+ 28.axb3 Bh6+ 29.Kb1 Rxc3
30.bxc3 Bf4 31.Rd6 Bxe5 32.Rxa6 Bxc3 33.Bg5 b4 34.Kc1 Kf7 35.Ra7 Kg6 36.Bd2 Bd4
37.Rb7 Be5 38.f4 Bd6 39.Kd1 h4 40.Rb6 Bc5 41.Rb5 d6 42.Bxb4 Bxb4 43.Rxb4 h3
44.Rb6 Rd7 45.Ke2 Kh5 46.Kf3 Rc7 47.c4 d5 48.Kg3 dxc4 49.bxc4 Rxc4 50.Kxh3 Rc3+
51.Kg2 Kg4 52.Rxe6 Rc2+ 53.Kg1 Kxf4 54.Ra6 Kg4 55.Ra4+ f4 56.Ra3 Re2 57.h3+  1/2-1/2

[Event "TCh-BEL 2002-3"]
[Site "Belgium BEL"]
[Date "2002.11.24"]
[Round "3"]
[White "Bobras,P"]
[Black "Balster,S"]
[Result "1-0"]
[WhiteElo "2441"]
[BlackElo "2347"]

1.e4 c5 2.Nf3 e6 3.d4 cxd4 4.Nxd4 Nc6 5.Nc3 Qc7 6.Be3 a6 7.Bd3 Nf6 8.O-O d6
9.f4 Be7 10.Qf3 O-O 11.Kh1 Bd7 12.Rae1 b5 13.a3 Nxd4 14.Bxd4 Bc6 15.Qh3 e5
16.fxe5 dxe5 17.Nd5 Qd6 18.Bc3 a5 19.Rf5 Nd7 20.Rh5 h6 21.Bd2 Nf6 22.Nxf6+ Bxf6
23.Bxh6 gxh6 24.Rxh6 Kg7 25.Rf1 Rh8 26.Qg4+ Kxh6 27.Rf5 Bg5  1-0

[Event "Kubanskaja Osen"]
[Site "Krasnodar RUS"]
[Date "2002.11.25"]
[Round "11"]
[White "Gasanov,E"]
[Black "Frolyanov,D"]
[Result "1/2-1/2"]
[WhiteElo "2473"]
[BlackElo "2433"]

1.e4 c5 2.Nf3 Nc6 3.Nc3 e6 4.d4 cxd4 5.Nxd4 Nf6 6.Ndb5 d6 7.Bf4 e5 8.Nd5 Nxd5
9.exd5 exf4 10.dxc6 bxc6 11.Qf3 d5  1/2-1/2

[Event "ch-ITA"]
[Site "Montecatini Terme ITA"]
[Date "2002.11.25"]
[Round "6"]
[White "Manca,F"]
[Black "Buchicchio,G"]
[Result "1-0"]
[WhiteElo "2349"]
[BlackElo "2254"]

1.e4 c5 2.Nf3 e6 3.d4 cxd4 4.Nxd4 Nc6 5.Nc3 Nf6 6.Be2 Bb4 7.O-O Bxc3 8.bxc3 Nxe4
9.Bd3 d5 10.Ba3 Nxd4 11.cxd4 Qa5 12.Qc1 Bd7 13.Rb1 Bc6 14.Bb4 Qc7 15.Qa3 b6
16.f3 a5 17.Be1 Nd6 18.Bg3 Rd8 19.Bxd6 Qxd6 20.Qxd6 Rxd6 21.Rxb6 Ke7 22.Rfb1 Rc8
23.Kf2 Rd7 24.Ke3 Rdc7 25.Kd2 Ra7 26.R1b3 Bd7 27.Rb7 Rc7 28.Rb8 h6 29.h4 f6
30.Rg8 Kf7 31.Rbb8 Rcb7 32.Rbf8+ Ke7 33.Bg6 Bc6 34.Rf7+ Kd6 35.Rgxg7 Bd7
36.Rxf6 a4 37.a3 Rc7 38.Bd3 Rab7 39.Rxh6 Rb2 40.f4 Ra2 41.f5 Rxa3 42.fxe6  1-0

[Event "74th ch-GER"]
[Site "Saarbruecken GER"]
[Date "2002.11.27"]
[Round "6"]
[White "Mueller,Ka"]
[Black "Bischoff,K"]
[Result "0-1"]
[WhiteElo "2518"]
[BlackElo "2554"]

1.e4 c5 2.Nf3 e6 3.d4 cxd4 4.Nxd4 Nc6 5.Nc3 d6 6.g4 a6 7.Be3 Nge7 8.Nb3 b5
9.Qe2 Bd7 10.O-O-O Nc8 11.f4 b4 12.Nd5 a5 13.Bg2 a4 14.Nd4 Nxd4 15.Bxd4 exd5
16.e5 Be7 17.exd6 Nxd6 18.Bxd5 Ra5 19.Bxg7 Rg8 20.Be5 Bxg4 21.Bf3 b3 22.Rxd6 Qc8
23.Rc6 Qb7 24.Qc4 Rxe5 25.Qxa4 Kf8 26.Bxg4 Rxg4 27.Rf1 Ra5 28.Qxa5 Qxc6 29.axb3 Rg2
30.Qf5 Qa6 31.c4 Qa2  0-1

[Event "74th ch-GER"]
[Site "Saarbruecken GER"]
[Date "2002.11.27"]
[Round "6"]
[White "Tischbierek,R"]
[Black "Kritz,L"]
[Result "0-1"]
[WhiteElo "2523"]
[BlackElo "2476"]

1.e4 c5 2.Nf3 e6 3.d4 cxd4 4.Nxd4 Nc6 5.Nc3 Qc7 6.Be2 a6 7.O-O Nf6 8.a4 Bb4
9.Bg5 h6 10.Bxf6 gxf6 11.Kh1 Qd6 12.Nd5 exd5 13.Nf5 Qf4 14.Ng7+ Kf8 15.Nh5 Qxe4
16.Bd3 Qe7 17.c3 Bc5 18.Qd2 f5 19.b4 Qg5 20.Qe2 Be7 21.b5 Nd8 22.f4 Qg4 23.Qe5 Rg8
24.Ng3 d6 25.Qxd5 Be6 26.Qd4 axb5 27.axb5 Rxa1 28.Rxa1 h5 29.Be2 Qg7 30.Bxh5 Qxd4
31.cxd4 Bh4 32.Bf3 Bxg3 33.hxg3 d5  0-1

[Event "40th Ann Open"]
[Site "Curacao AHO"]
[Date "2002.11.28"]
[Round "9"]
[White "Hernandez,Alex"]
[Black "Ligterink,G"]
[Result "1/2-1/2"]
[WhiteElo "2269"]
[BlackElo "2401"]

1.e4 c5 2.Nf3 e6 3.d4 cxd4 4.Nxd4 Nc6 5.Nc3 d6 6.g3 Nf6 7.Bg2 Bd7 8.O-O Be7
9.Ndb5 Qb8 10.a4 O-O 11.f4 a6 12.Na3 Qc7 13.Be3 Nb4 14.Qe2 Rac8 15.Rad1 Bc6
16.Bd4 Nd7 17.Rd2 e5 18.Be3 exf4 19.gxf4 Rfe8 20.Qc4 Qa5 21.Qb3 Nc5 22.Bxc5 Qxc5+
23.Kh1 b5 24.axb5 axb5 25.Naxb5 Bxb5 26.Nxb5 Qxb5 27.c3 Rb8 28.Qxb4 Qxb4
29.cxb4 Rxb4 30.e5  1/2-1/2

[Event "30th Ann"]
[Site "Taastrup DEN"]
[Date "2002.11.28"]
[Round "7"]
[White "Bromann,T"]
[Black "Niklasch,O"]
[Result "1/2-1/2"]
[WhiteElo "2366"]
[BlackElo "2301"]

1.e4 c5 2.Nf3 e6 3.d4 cxd4 4.Nxd4 Nc6 5.Nc3 Qc7 6.Ndb5 Qb8 7.Be3 Nf6 8.f4 d6
9.Qf3 Be7 10.Bd3 O-O 11.O-O Bd7 12.g4 a6 13.Nd4 Nxd4 14.Bxd4 e5 15.Nd5 Nxd5
16.exd5 f5 17.Qe3 Re8 18.Bc3 e4 19.Be2 Qc7 20.Rad1 Rac8 21.Kh1 Qd8 22.g5 Bb5
23.Bxb5 axb5 24.a3 Qd7 25.h4 Rc5 26.h5 Rec8 27.h6 Bf8 28.Rg1 g6 29.Qd4 Kf7
30.Qh8 Ke8 31.Bg7 Qf7 32.Bxf8 Kd7 33.Rg3 Rxf8 34.Qd4 Rfc8 35.Rb3 Qe7 36.Re1 Qf7
37.Rd1 Qe7 38.Rd2 R8c7 39.Kg1 Kc8 40.c3 e3 41.Re2 Rc4 42.Qh8+ Kd7 43.Qg7 Kc8
44.Qg8+ Kd7 45.Qg7 Kc8 46.Qg8+ Kd7 47.Qg7  1/2-1/2

[Event "10th Ducale Open"]
[Site "Genova ITA"]
[Date "2002.11.29"]
[Round "6"]
[White "Sanchez,Joseph"]
[Black "Maksimenko,A"]
[Result "1/2-1/2"]
[WhiteElo "2307"]
[BlackElo "2507"]

1.e4 c5 2.Nf3 e6 3.d4 cxd4 4.Nxd4 Nc6 5.Nc3 Qc7 6.Be3 a6 7.Bd3 Nf6 8.O-O b5
9.Nxc6 Qxc6 10.Qf3 b4 11.Nb1 Bb7 12.Nd2 d5 13.exd5 Qxd5 14.Qh3 Qd8 15.Nc4 Nd5
16.Bd2 Be7 17.Rae1 Qc7 18.f4 g6 19.Ne5 O-O 20.Qg3 Bf6 21.h4 h5 22.f5 exf5
23.Rxf5 Bg7 24.Rf2 Rae8 25.Rfe2 Re6 26.Kh2 Rfe8 27.Nc4  1/2-1/2

[Event "30th Ann"]
[Site "Taastrup DEN"]
[Date "2002.11.29"]
[Round "8"]
[White "Hermansson,E"]
[Black "Niklasch,O"]
[Result "1/2-1/2"]
[WhiteElo "2370"]
[BlackElo "2301"]

1.e4 c5 2.Nf3 e6 3.d4 cxd4 4.Nxd4 Nc6 5.Nc3 a6 6.Nxc6 bxc6 7.Bd3 d5 8.O-O Nf6
9.Qe2 Be7 10.b3 O-O 11.Bb2 Bb7 12.e5 Nd7 13.Na4 Nb6 14.Nxb6 Qxb6 15.c4 a5
16.Rac1 g6 17.Qc2 Ba6 18.Rfd1 Rfb8 19.Bc3 a4  1/2-1/2

[Event "ch-CRO"]
[Site "Zagreb CRO"]
[Date "2002.11.29"]
[Round "6"]
[White "Armanda,I"]
[Black "Ljubicic,F"]
[Result "1-0"]
[WhiteElo "2316"]
[BlackElo "2432"]

1.e4 c5 2.Nf3 e6 3.d4 cxd4 4.Nxd4 Nc6 5.Nc3 Qc7 6.Be2 a6 7.O-O Nf6 8.Be3 Bb4
9.Na4 Be7 10.Nxc6 bxc6 11.c4 Nxe4 12.Qd4 Nf6 13.Nb6 Rb8 14.c5 e5 15.Qc4 O-O
16.Qh4 Re8 17.Bd3 e4 18.Bc2 d6 19.Nxc8 Qxc8 20.cxd6 Bxd6 21.Rac1 Re5 22.Bg5 Rbb5
23.Rfd1 Rxg5 24.Rxd6 Rgd5 25.Rxf6 gxf6 26.Bxe4 Rh5 27.Qxf6 Qe6 28.Qd8+ Kg7
29.Bf3 Rxb2 30.Bxh5 Qe5 31.Bf3 Rxa2 32.g3 c5 33.Qd3 Ra1 34.Rxa1 Qxa1+ 35.Kg2 a5  1-0

[Event "British Rapidplay"]
[Site "Bradford ENG"]
[Date "2002.11.30"]
[Round "4"]
[White "Gayson,P"]
[Black "Gourlay,I"]
[Result "1-0"]
[WhiteElo "2257"]
[BlackElo "2257"]

1.e4 c5 2.Nf3 e6 3.Nc3 Nc6 4.d4 cxd4 5.Nxd4 d6 6.Be3 Nf6 7.Be2 a6 8.O-O Be7
9.f4 Qc7 10.a4 O-O 11.Kh1 Rd8 12.Qe1 Nxd4 13.Bxd4 e5 14.Be3 exf4 15.Bxf4 Be6
16.Qg3 Nd7 17.Bg4 Ne5 18.Bxe6 fxe6 19.Qh3 Qd7 20.Rad1 Bf6 21.Ne2 Qe7 22.Nd4 Re8
23.Nf3 Nf7 24.c3 Qc7 25.Qg3 Rad8 26.Ng5 Nxg5 27.Bxg5 Bxg5 28.Qxg5 Qc4 29.Rf4 Rf8
30.h3 Rxf4 31.Qxd8+ Rf8 32.Qxd6 Qxe4 33.Qd4 Qxd4 34.Rxd4 Kf7 35.Rd7+ Kf6
36.Rxb7 Rd8 37.Kg1 Rd2 38.b4 Ra2 39.a5 Rc2 40.Rb6 Rxc3 41.Rxa6 Ke5 42.Ra7 Rb3
43.Rb7 Kd5 44.a6 e5 45.a7 Ra3 46.b5 e4 47.b6 e3 48.Re7 Ra1+ 49.Kh2 Kd4 50.b7 Rxa7
51.Kg3 h5 52.Kf3  1-0

[Event "TCh-CZE 2002-3"]
[Site "Czech Rep CZE"]
[Date "2002.11.30"]
[Round "3"]
[White "Simacek,P"]
[Black "Haba,P"]
[Result "1/2-1/2"]
[WhiteElo "2420"]
[BlackElo "2516"]

1.e4 c5 2.Nf3 e6 3.d4 cxd4 4.Nxd4 Nc6 5.Nc3 Qc7 6.g3 a6 7.Bg2 Nf6 8.O-O Nxd4
9.Qxd4 Bc5 10.Bf4 d6 11.Qd2 h6 12.Rad1 e5 13.Be3 Bg4 14.Bxc5 dxc5 15.f3 Be6
16.Nd5 Bxd5 17.exd5 Qd6 18.f4 O-O 19.fxe5 Qxe5 20.d6 Qxb2 21.Rb1 Qxa2 22.Rxb7 Rad8
23.Re7 Qb2 24.Rd1 Rfe8 25.Rxe8+ Nxe8 26.Qa5 Rxd6 27.Rxd6 Qc1+ 28.Kf2 Nxd6
29.Qd8+ Kh7 30.Qxd6 Qxc2+ 31.Kf1 a5 32.Qe5 Qd1+ 33.Qe1 Qxe1+ 34.Kxe1 Kg6
35.Bd5 f5 36.Ke2 a4 37.Kd3 a3 38.Kc3 f4 39.Kb3 Kg5 40.Bf3 fxg3 41.hxg3  1/2-1/2

[Event "TCh-CZE 2002-3"]
[Site "Czech Rep CZE"]
[Date "2002.12.01"]
[Round "4"]
[White "Bernard,B"]
[Black "Michalek,J"]
[Result "0-1"]
[WhiteElo "2305"]
[BlackElo "2400"]

1.e4 c5 2.Nf3 e6 3.d4 cxd4 4.Nxd4 Nc6 5.Nc3 d6 6.Be2 Nf6 7.Be3 Be7 8.f4 O-O
9.O-O e5 10.Nb3 exf4 11.Bxf4 Be6 12.Kh1 Rc8 13.Nd4 Ne5 14.Nxe6 fxe6 15.Qd4 Qa5
16.Rad1 a6 17.Qe3 Rfe8 18.Qh3 Bf8 19.Bh5 Nxh5 20.Qxh5 g6 21.Qh3 Nc4 22.e5 d5
23.Bh6 Bxh6 24.Qxh6 Qc7 25.Rd4 Qg7 26.Qh3 Qxe5 27.Rdf4 Rf8 28.Rxf8+ Rxf8
29.Rxf8+ Kxf8 30.Qh6+ Kg8 31.h3 Nxb2 32.Qd2 Nc4 33.Qd3 Qe1+ 34.Kh2 Ne3  0-1

[Event "ch-POL sf"]
[Site "Lubniewice POL"]
[Date "2002.12.01"]
[Round "2"]
[White "Szoen,D"]
[Black "Hnydiuk,A"]
[Result "0-1"]
[WhiteElo "2262"]
[BlackElo "2373"]

1.e4 c5 2.Nc3 Nc6 3.Nge2 e6 4.d4 cxd4 5.Nxd4 a6 6.Be2 Qc7 7.O-O Nf6 8.Kh1 Be7
9.f4 d6 10.Be3 O-O 11.Qe1 Nxd4 12.Bxd4 b5 13.Qg3 Bb7 14.a3 Bc6 15.Rae1 Rae8
16.Bf3 Rd8 17.Bxf6 Bxf6 18.e5 Be7 19.f5 exf5 20.e6 fxe6 21.Rxe6 Bf6 22.Nd5 Bxd5
23.Bxd5 Kh8 24.c3 Rfe8 25.Rxf5 Rxe6 26.Bxe6 Qe7 27.Bb3 Re8 28.Kg1 Bh4 29.Qf3 Qa7+  0-1

[Event "ch-POL sf"]
[Site "Lubniewice POL"]
[Date "2002.12.02"]
[Round "3"]
[White "Szczechowicz,B"]
[Black "Gajewski,G"]
[Result "1/2-1/2"]
[WhiteElo "2293"]
[BlackElo "2436"]

1.e4 c5 2.Nf3 Nc6 3.d4 cxd4 4.Nxd4 e6 5.Nc3 Qc7 6.Be2 Nf6 7.O-O a6 8.Be3 Bb4
9.Na4 Be7 10.Nxc6 bxc6 11.Nb6 Rb8 12.Nxc8 Qxc8 13.Bd4 c5 14.Be5 Rb6 15.Qd3 Qc6
16.Bf3 d6 17.Bc3 c4 18.Qe2 e5 19.g3 O-O 20.Bg2 Ne8 21.Rfb1 Nc7 22.Bf1 Nb5
23.Qxc4 Qxc4 24.Bxc4 Nxc3 25.bxc3 Rfb8 26.Rb3 a5 27.a4 Bd8 28.Rab1 Kf8 29.Bd5 Rxb3
30.cxb3 Rc8 31.Bc4 Bb6 32.Kf1 g6 33.Ke2 f5 34.f3 Ke7 35.Kd3 fxe4+ 36.Kxe4 Rc5
37.Rd1 h5 38.f4 exf4 39.gxf4 g5 40.fxg5 Rxg5 41.Rd5 Rxd5 42.Kxd5 Kd7 43.Be2 h4
44.h3 Bf2 45.Bf3 Kc7 46.b4  1/2-1/2

[Event "ch-POL sf"]
[Site "Lubniewice POL"]
[Date "2002.12.03"]
[Round "4"]
[White "Szczechowicz,B"]
[Black "Hnydiuk,A"]
[Result "0-1"]
[WhiteElo "2293"]
[BlackElo "2373"]

1.e4 c5 2.Nf3 e6 3.d4 cxd4 4.Nxd4 Nc6 5.Nc3 a6 6.Be2 Qc7 7.O-O Nf6 8.Be3 Be7
9.f4 d6 10.Qe1 O-O 11.Qg3 Nxd4 12.Bxd4 b5 13.a3 Bb7 14.Kh1 Bc6 15.Rae1 Rae8
16.Bd3 e5 17.fxe5 Nh5 18.Qg4 dxe5 19.Qxh5 exd4 20.Nd5 Bxd5 21.Qxd5 Bd6 22.e5 Bxe5
23.Re2 Re7 24.Rfe1 Rfe8 25.a4 bxa4 26.Bxa6 Kf8 27.Bb5 Qa5 28.g3 f6 29.Qc4 Qa8+
30.Kg1 Rb8 31.Qd3 g6 32.Re4 Kg7 33.Ra1 Rxb5  0-1

[Event "TCh-ESP"]
[Site "Mondariz ESP"]
[Date "2002.12.03"]
[Round "4"]
[White "Arizmendi Martinez,J"]
[Black "Corral Blanco,J"]
[Result "1-0"]
[WhiteElo "2510"]
[BlackElo "2463"]

1.e4 c5 2.Nc3 e6 3.Nf3 Nc6 4.d4 cxd4 5.Nxd4 a6 6.Be3 Nge7 7.Nb3 b5 8.Qe2 Ne5
9.O-O-O N7c6 10.f4 Nc4 11.Bf2 Bb4 12.Rd3 Qf6 13.Qf3 Nxb2 14.Kxb2 Bxc3+ 15.Kb1 Bb4
16.e5 Qe7 17.a3 Bxa3 18.Nd4 Qb4+ 19.Rb3 Nxd4 20.Bxd4 Qxd4 21.Qxa8 Qd1+ 22.Ka2 O-O
23.Qe4 Be7 24.Bd3 Qh5 25.g4 Qh4 26.Qg2 g6 27.Be4 Bc5 28.Rh3 Qd8 29.Rd1 Qa5+
30.Kb1 d5 31.exd6 Bxd6 32.Rf3 Qc7 33.Qd2 Be7 34.Rc3 Qa5 35.Rxc8 Qa4 36.Rxf8+ Kxf8
37.Qd4  1-0

[Event "ch-POL sf"]
[Site "Lubniewice POL"]
[Date "2002.12.05"]
[Round "6"]
[White "Ejsmont,K"]
[Black "Hnydiuk,A"]
[Result "1/2-1/2"]
[WhiteElo "2100"]
[BlackElo "2373"]

1.e4 c5 2.Nf3 e6 3.d4 cxd4 4.Nxd4 Nc6 5.Nc3 a6 6.Be2 Qc7 7.O-O Nf6 8.Be3 Bb4
9.Na4 O-O 10.Nxc6 bxc6 11.Nb6 Rb8 12.Nxc8 Rfxc8 13.Bxa6 Rf8 14.Bd3 Bd6 15.h3 Be5
16.f4 Bxb2 17.Rb1 e5 18.Qf3 exf4 19.Bxf4 Be5 20.Rxb8 Rxb8 21.Bxe5 Qxe5 22.Qf4 Qxf4
23.Rxf4 Ra8 24.e5 Nd5 25.Rh4 g6 26.Bc4 Ra4 27.g3 Ra5 28.Bb3 Nc3 29.Rc4 Ne2+
30.Kf2 Rxe5 31.a4 Nc1 32.Rd4 d5  1/2-1/2

[Event "ch-POL sf"]
[Site "Lubniewice POL"]
[Date "2002.12.06"]
[Round "7"]
[White "Adamski,M"]
[Black "Ejsmont,K"]
[Result "1/2-1/2"]
[WhiteElo "2278"]
[BlackElo "2100"]

1.e4 c5 2.Nf3 e6 3.d4 cxd4 4.Nxd4 Nc6 5.Nc3 Qc7 6.Be2 a6 7.O-O Nf6 8.Be3 Bb4
9.Na4 Be7 10.Nxc6 bxc6 11.Nb6 Rb8 12.Nxc8 Qxc8 13.Bd4 O-O 14.e5 Nd5 15.c4 Nf4
16.Bf3 Ng6 17.Be4 Qc7 18.Qh5 d5 19.exd6 Bxd6 20.Rad1 f5 21.Bb1 Nf4 22.Qf3 e5
23.Bc3 e4 24.Qe3 Rbe8 25.h3 Re6 26.Kh1 Rh6 27.a3 c5 28.b4 Qe7 29.bxc5 Bb8
30.Bd2 Nxh3 31.gxh3 f4 32.Qxe4 Rxh3+ 33.Kg1 f3 34.Qxe7 Bh2+ 35.Kh1 Bd6+ 36.Kg1 Bh2+
37.Kh1  1/2-1/2

[Event "TCh-ESP"]
[Site "Mondariz ESP"]
[Date "2002.12.06"]
[Round "7"]
[White "Pablo Marin,A"]
[Black "Franco Ocampos,Z"]
[Result "0-1"]
[WhiteElo "2434"]
[BlackElo "2504"]

1.e4 c5 2.Nf3 Nc6 3.d4 cxd4 4.Nxd4 e6 5.Nc3 Qc7 6.Be3 a6 7.Bd3 b5 8.Nb3 Nf6
9.f4 d6 10.Qf3 Bb7 11.O-O Be7 12.Qh3 Rc8 13.a4 b4 14.Ne2 O-O 15.g4 Nd7 16.g5 Qd8
17.Rf3 Re8 18.Rg3 g6 19.Rf1 Bf8 20.f5 exf5 21.exf5 Nce5 22.Bd4 Qc7 23.Rf4 Bg7
24.f6 Nxd3 25.cxd3 Rxe2 26.fxg7 Ne5 27.Bxe5 dxe5 28.Rc4 Qb6+  0-1

[Event "Tch-SWE 2002-3"]
[Site "Sweden SWE"]
[Date "2002.12.07"]
[Round "5"]
[White "Von Bahr,O"]
[Black "Lindberg,Be"]
[Result "1/2-1/2"]
[WhiteElo "2320"]
[BlackElo "2382"]

1.e4 c5 2.Nf3 e6 3.d4 cxd4 4.Nxd4 Nc6 5.Nc3 Qc7 6.Be2 a6 7.O-O Nf6 8.Be3 Bb4
9.Na4 Be7 10.Nxc6 bxc6 11.Nb6 Rb8 12.Nxc8 Qxc8 13.Bd4 O-O 14.e5 Nd5 15.b3 c5
16.Bb2 a5 17.Bf3 Nb4 18.Qe2 c4 19.bxc4 Qc7 20.Rfd1 Rfc8 21.Rd4 Bc5 22.Rh4 Be7
23.Rd4 Bc5 24.Rh4  1/2-1/2

[Event "TCh-BEL 2002-3"]
[Site "Belgium BEL"]
[Date "2002.12.08"]
[Round "4"]
[White "Gulbas,C"]
[Black "Bauduin,E"]
[Result "1-0"]
[WhiteElo "2303"]
[BlackElo "2281"]

1.e4 c5 2.Nf3 e6 3.d4 cxd4 4.Nxd4 Nc6 5.Nc3 a6 6.g3 Qc7 7.Bg2 Nf6 8.O-O d6
9.Be3 Bd7 10.a4 Be7 11.f4 O-O 12.Kh1 Rac8 13.Nb3 Na5 14.g4 Nc4 15.Bc1 b5
16.g5 Ne8 17.axb5 axb5 18.f5 b4 19.Ne2 d5 20.fxe6 Bxe6 21.exd5 Bg4 22.Qe1 Bxe2
23.Qxe2 Bd6 24.Nd4 Qc5 25.Nc6 Nc7 26.b3 Na3 27.c4 Rce8 28.Qd3 Na6 29.Be4  1-0

[Event "ch-POL sf"]
[Site "Lubniewice POL"]
[Date "2002.12.08"]
[Round "9"]
[White "Luch,M"]
[Black "Hnydiuk,A"]
[Result "0-1"]
[WhiteElo "2278"]
[BlackElo "2373"]

1.e4 c5 2.Nf3 e6 3.d4 cxd4 4.Nxd4 Nc6 5.Nc3 a6 6.Be3 Nf6 7.Bd3 d5 8.exd5 exd5
9.O-O Bd6 10.h3 O-O 11.Re1 Re8 12.Nxc6 bxc6 13.Bd4 Rxe1+ 14.Qxe1 Be6 15.Na4 Qe7
16.Qc3 Rc8 17.Nc5 Nh5 18.Bxa6 Nf4 19.Nxe6 fxe6 20.Be5 Bxe5 21.Qxe5 Rf8 22.Bf1 Qc5
23.g3 Qxf2+ 24.Kxf2 Nd3+ 25.Kg2 Nxe5 26.Re1 Nf3 27.Re3 Ng5 28.a4 Ne4 29.Be2 Ra8
30.Ra3 c5 31.a5 Kf7 32.a6 Ke7 33.c3 Kd7 34.c4 Kc7 35.Bf3 Nf6 36.g4 h6 37.Ra5 Kb6
38.Rb5+ Kc6 39.Rb7 Rxa6 40.Rxg7 Kd6 41.Rg6 Ke5 42.Rxh6 Ra2 43.g5 Rxb2+ 44.Kg3 Ne8
45.cxd5 exd5 46.Rc6 Rc2 47.h4 Nd6 48.g6 Nf5+ 49.Kg4 Rc4+  0-1

[Event "ch-POL sf"]
[Site "Lubniewice POL"]
[Date "2002.12.08"]
[Round "9"]
[White "Zeberski,J"]
[Black "Grycel,K"]
[Result "1/2-1/2"]
[WhiteElo "2326"]
[BlackElo "2295"]

1.e4 c5 2.Nf3 e6 3.d4 cxd4 4.Nxd4 Nc6 5.Nc3 Qc7 6.g3 a6 7.Bg2 Nf6 8.O-O Be7
9.Re1 d6 10.Nxc6 bxc6 11.e5 dxe5 12.Rxe5 O-O 13.Re1 Rd8 14.Qf3 Bb7 15.Bf4 Bd6
16.Bxd6 Rxd6 17.Rad1 Rad8 18.Rxd6 Rxd6 19.Rd1 h6 20.b3 Rxd1+ 21.Qxd1 c5 22.Bxb7 Qxb7
23.Qd8+ Kh7 24.Qd3+ Kh8 25.Na4 Qc6 26.Qd8+ Kh7 27.Qd3+  1/2-1/2

[Event "ch-POL sf"]
[Site "Lubniewice POL"]
[Date "2002.12.08"]
[Round "9"]
[White "Tomczak,Raf"]
[Black "Ejsmont,K"]
[Result "1-0"]
[WhiteElo "2313"]
[BlackElo "2100"]

1.e4 c5 2.Nf3 e6 3.d4 cxd4 4.Nxd4 Nc6 5.Nc3 Qc7 6.Be2 a6 7.O-O Nf6 8.Kh1 Be7
9.f4 d6 10.Be3 O-O 11.Qe1 Nxd4 12.Bxd4 b5 13.Bd3 e5 14.fxe5 dxe5 15.Qg3 Bd6
16.Be3 Nh5 17.Qh4 Nf4 18.Bxf4 exf4 19.e5  1-0

[Event "19th WJun Girls"]
[Site "Goa IND"]
[Date "2002.12.10"]
[Round "3"]
[White "Nabeela,F"]
[Black "Kavitha,J"]
[Result "1/2-1/2"]
[WhiteElo "2067"]
[BlackElo "2064"]

1.e4 c5 2.Nf3 e6 3.d4 cxd4 4.Nxd4 Nc6 5.Nc3 a6 6.Be2 Qc7 7.Be3 Nf6 8.O-O Bb4
9.Na4 Be7 10.Nxc6 bxc6 11.Nb6 Rb8 12.Nxc8 Qxc8 13.e5 Nd5 14.Bc1 Bc5 15.c4 Ne7
16.b3 Qc7 17.Bb2 Ng6 18.Qd3 O-O 19.Qe4 d6 20.exd6 Bxd6 21.g3 Rfd8 22.Rad1 Qa5
23.Qxc6 Qxa2 24.Rxd6 Qxb2 25.Rfd1 Rf8 26.Qe4 Qxb3 27.Rxa6 Qc3 28.Qd4 Qxd4
29.Rxd4 Rb2 30.Bf1 Rc8 31.Kg2 h6 32.Rad6 Rbb8 33.Rd2 Ne5 34.Rc2 Rc5 35.f4 Nc6
36.Kf2 Na5 37.Ke3 Rbc8 38.Rd4 Kf8 39.Kf3 Ke7 40.Ke3 Kf6 41.Kf3 Ke7 42.Ke3 Nb3
43.Rd1 Na5 44.Rd4 Nb3  1/2-1/2

[Event "1st Ilijas Subasic Mem"]
[Site "Zenica BIH"]
[Date "2002.12.10"]
[Round "3"]
[White "Tomic,Bo"]
[Black "Zivanic,M"]
[Result "1-0"]
[WhiteElo "2182"]
[BlackElo "2426"]

1.e4 c5 2.Nf3 e6 3.d4 cxd4 4.Nxd4 Nc6 5.Nc3 Qc7 6.Nxc6 dxc6 7.Bd3 Nf6 8.O-O e5
9.Qe2 Bc5 10.Kh1 O-O 11.Bg5 Be7 12.a4 b6 13.f4 Ne8 14.Bxe7 Qxe7 15.f5 Bb7
16.Rf3 a6 17.Bc4 Nf6 18.Re1 b5 19.Bb3 Rad8 20.g4 h6 21.Rg1 b4 22.g5 hxg5
23.Rxg5 bxc3 24.Rfg3 Ne8 25.Qg4 Qxg5 26.Qxg5 Rd1+ 27.Rg1 Rxg1+ 28.Qxg1 Nf6
29.bxc3 Nxe4 30.Qb6 Bc8 31.Qxc6 Bxf5 32.Qc7 Ng5 33.Bd5 Re8 34.h4 Be4+ 35.Bxe4 Nxe4
36.c4 Nf6 37.Kg2 Re6 38.c5 e4 39.Kf1 e3 40.Ke2 Ne4 41.c6 Nc3+ 42.Ke1 Re8
43.Qd6 Ne4 44.Qd7 Nf6 45.Qf5 Re7 46.Qc8+ Ne8 47.Qxa6 f5 48.Qc4+ Kf8 49.a5 Rf7
50.Qc5+ Kg8 51.Qxe3 Nf6 52.Qe6 Kf8 53.Qxf5  1-0

[Event "ch-Balkan"]
[Site "Istanbul TUR"]
[Date "2002.12.12"]
[Round "4"]
[White "Atakisi,U"]
[Black "Kilicaslan,H"]
[Result "1/2-1/2"]
[WhiteElo "2340"]
[BlackElo "2264"]

1.e4 c5 2.Nf3 e6 3.d4 cxd4 4.Nxd4 Nc6 5.Nc3 a6 6.Be3 Qc7 7.Bd3 Nf6 8.O-O Nxd4
9.Bxd4 Bc5 10.Bxc5 Qxc5 11.Kh1 d6 12.f4 O-O 13.Qe1 e5 14.fxe5 Qxe5 15.Qh4 Be6
16.Rae1 Rae8 17.Re3 Qh5 18.Qg3 Qe5 19.Qh4 Qh5 20.Qxh5 Nxh5 21.Be2 Nf6 22.Rd1 Rd8
23.Bf3 g5 24.h3 h5 25.Rd4 g4 26.hxg4 hxg4 27.Be2 Nd7 28.Rxd6 Ne5 29.Rb6 Rd2
30.Rxb7 Rxc2 31.Kh2 Rd8 32.Bxa6 Rdd2 33.Re2 Bc4 34.Rxd2 Rxd2 35.Bxc4 Nxc4
36.Nd5 Kg7 37.Rb4 Nxb2 38.a4 Nd1 39.Kg3 Nf2 40.Ne3 Re2 41.Nxg4 Nxg4 42.Kxg4 Rxg2+
43.Kf5 Kf8 44.Ke5 Ke7 45.Kd5 Rg5+ 46.Kc6 Re5 47.Kb6 Re6+ 48.Kb7 Re5 49.Rb5 Rxe4
50.a5 f5 51.a6 Kf6 52.a7 Re8 53.a8=Q Rxa8 54.Kxa8 Kg5 55.Kb7 Kf4 56.Kc6 Ke4
57.Rb4+ Ke5 58.Rb5+ Ke4 59.Kd6 f4  1/2-1/2

[Event "1st Ilijas Subasic Mem"]
[Site "Zenica BIH"]
[Date "2002.12.12"]
[Round "5"]
[White "Muratovic,En"]
[Black "Zivanic,M"]
[Result "0-1"]
[WhiteElo "2314"]
[BlackElo "2426"]

1.e4 c5 2.Nf3 e6 3.Nc3 Nc6 4.d4 cxd4 5.Nxd4 Qc7 6.g3 a6 7.Bg2 Nf6 8.Nb3 h5
9.f4 d6 10.Be3 b5 11.h3 Bb7 12.a3 Rc8 13.O-O Be7 14.Rf2 Nd7 15.Bf3 Na5 16.Nxa5 Qxa5
17.Bd4 Qc7 18.Bxh5 Nf6 19.Bf3 Rxh3 20.Kg2 Rh8 21.e5 Ng4 22.exd6 Bxd6 23.Bxb7 Qxb7+
24.Qf3 Rh2+ 25.Kg1 Qxf3 26.Rxf3 Rc4 27.Rd3 Rxd4 28.Rxd4 Bc5 29.Rd1 Rxc2 30.Ne4 Bb6
31.b4 Nh2 32.Ng5 Ke7 33.Kh1 Bxd4 34.Rxd4 f6 35.Rd3 fxg5 36.fxg5 Ng4 37.Kg1 Ne5
38.Re3 Nc4 39.Rf3 Re2 40.g6 Ne5  0-1